Diseño e implementación de un sistema informático para el departamento de trabajo social de la Fundación Escuela Hogar Nuestros Pequeños Hermanos El Salvador (Registro nro. 21262)
[ vista simple ]
| 000 -CABECERA | |
|---|---|
| Longitud fija campo de control | 01161nam a22002417a 4500 |
| 003 - IDENTIFICADOR DELl NÚMERO DE CONTROL | |
| Identificador del número de control | OSt |
| 005 - FECHA Y HORA DE LA ÚLTIMA TRANSACCIÓN | |
| Fecha y hora de la última transacción | 20160620110125.0 |
| 008 - CÓDIGOS DE INFORMACIÓN DE LONGITUD FIJA | |
| Códigos de información de longitud fija | 150409b2010 slv spa |
| 040 ## - FUENTE DE LA CATALOGACIÓN | |
| Centro transcriptor | BMC |
| 082 ## - NÚMERO DE LA CLASIFICACIÓN DECIMAL DEWEY | |
| Númeroo de clasificación | 004.21 |
| 082 ## - NÚMERO DE LA CLASIFICACIÓN DECIMAL DEWEY | |
| Númeroo de clasificación | 021.65 |
| 100 1# - PUNTO DE ACCESO PRINCIPAL-NOMBRE DE PERSONA | |
| 9 (RLIN) | 34811 |
| Nombre de persona | Baños Aguilar, Patricia Aracely |
| 245 10 - MENCIÓN DE TÍTULO | |
| Título | Diseño e implementación de un sistema informático para el departamento de trabajo social de la Fundación Escuela Hogar Nuestros Pequeños Hermanos El Salvador |
| Resto del título | : Informe final del proyecto |
| Mención de responsabilidad, etc. | Patricia Aracely Baños Aguilar, Katia Marlene Guzmán Colocho |
| 260 ## - PUBLICACIÓN, DISTRIBUCIÓN, ETC. (PIE DE IMPRENTA) | |
| Lugar de publicación, distribución, etc. | Santa Ana (El Salvador) |
| Nombre del editor, distribuidor, etc. | Universidad Católica de El Salvador |
| Fecha de publicación, distribución, etc. | 2010 |
| 300 ## - DESCRIPCIÓN FÍSICA | |
| Extensión | 132 h. |
| Otras características físicas | il. col |
| Dimensiones | 28 cm |
| 500 ## - NOTA GENERAL | |
| Nota general | Precede al tít.: Universidad Católica de El Salvador, Facultad de Ciencias Empresariales |
| 502 ## - NOTA DE TESIS | |
| Nota de tesis | Para optar al título de Licenciado(a) en Sistemas Informáticos Administrativos |
| 650 24 - PUNTO DE ACCESO ADICIONAL DE MATERIA - TÉRMINO DE MATERIA | |
| 9 (RLIN) | 1736 |
| Término de materia o nombre geográfico como elemento inicial | Administración de sistemas de información |
| 650 24 - PUNTO DE ACCESO ADICIONAL DE MATERIA - TÉRMINO DE MATERIA | |
| 9 (RLIN) | 4867 |
| Término de materia o nombre geográfico como elemento inicial | Sistemas de información |
| 700 1# - PUNTO DE ACCESO ADICIONAL - NOMBRE DE PERSONA | |
| 9 (RLIN) | 34812 |
| Nombre de persona | Guzmán Colocho, Katia Marlene |
| 710 2# - PUNTO DE ACCESO ADICIONAL - NOMBRE DE ENTIDAD | |
| 9 (RLIN) | 1067 |
| Nombre de entidad o nombre de jurisdicción como elemento inicial | Universidad Católica de El Salvador |
| Unidad subordinada | Facultad de Ciencias Empresariales |
| 942 ## - ENTRADA DE ELEMENTOS AGREGADOS (KOHA) | |
| Fuente de clasificaión o esquema | Dewey Decimal Classification |
| Koha [por defecto] tipo de item | 4- Trabajo de Graduación |
| Suprimido | Perdido | Fuente de clasificación o esquema | Estropeado | Restricciones de uso | No para préstamo | Código de colección | Localización permanente | Localización actual | Localización en estanter&íacute;as | Fecha adquisición | Fuente de adquisición | Número de inventario | Préstamos totales | Signatura completa | Código de barras | Fecha última consulta | Fecha del precio de reemplazo | Tipo de item de Koha |
|---|---|---|---|---|---|---|---|---|---|---|---|---|---|---|---|---|---|---|
| NULL | NULL | Dewey Decimal Classification | NULL | Prestable | NULL | NULL | Biblioteca Miguel de Cervantes - UNICAES | Biblioteca Miguel de Cervantes - UNICAES | Sala Principal | 08/06/2015 | Donación - Patricia Aracely Baños Aguilar , Katia Marlene Guzmán Colocho | 000643 | P-000643 | 1031654 | 08/06/2015 | 08/06/2015 | 4- Trabajo de Graduación | |
| NULL | NULL | Dewey Decimal Classification | NULL | Prestable | NULL | NULL | Biblioteca Miguel de Cervantes - UNICAES | Biblioteca Miguel de Cervantes - UNICAES | Sala Principal | 24/06/2015 | Donación - Patricia Aracely Baños Aguilar , Katia Marlene Guzman Colocho | 000813 | P-000813 | 1032089 | 24/06/2015 | 24/06/2015 | 4- Trabajo de Graduación |